| 000 | 01788cam a22004094i 4500 | ||
|---|---|---|---|
| 003 | PE-LiUPU | ||
| 005 | 20250731183426.0 | ||
| 008 | 150616s r 000 0 d | ||
| 035 | _a(Sirsi) a4904 | ||
| 040 |
_aPE-LiUPU _bspa _cPE-LiUPU _erda |
||
| 049 | _aPRUA | ||
| 082 | 0 | 4 |
_a759.05 _bD73 _221 |
| 100 | 1 |
_aDorival, Bernard, _eautor. |
|
| 245 | 1 | 4 |
_aLos pintores célebres / _c[publicada bajo la dirección de Berbard Dorival]. [Traducción de Gustavo Gili Torras y Mariuccia Galfetti de Gili]. |
| 264 | 1 |
_aBarcelona : _bEditorial Gustavo Gili, _c1963. |
|
| 300 |
_a279 páginas : _bilustraciones láms., pinturas ; _c27 cm. |
||
| 336 |
_atext _2rdacontent |
||
| 337 |
_aunmediated _2rdamedia |
||
| 338 |
_avolume _2rdacarrier |
||
| 490 | 0 |
_aLa Galería de los Hombres Célebres ; _v1 |
|
| 505 | 0 | _aLa prehistoria y la antigüedad -- La pintura cristiana de oriente -- Los orígenes de la pintura cristiana de occidente -- La pintura románica -- Los pintores góticos -- El siglo XV -- Giotto y el quattrocento -- El renacimiento. | |
| 526 | _aP158 | ||
| 526 | _aP146 | ||
| 526 | _aP17 | ||
| 526 | _aP12 | ||
| 526 | _aP06 | ||
| 650 | 0 | 4 |
_aPintores _vBiografías. |
| 700 | 1 |
_aGili Torrá, Gustavo, _d1935-2008, _etraductor. |
|
| 700 | 1 |
_aGalfotti, Mariuccia, _etraductor. |
|
| 910 |
_ajck _bjvq _cjck |
||
| 942 |
_2ddc _cBOOK |
||
| 949 |
_a759.05 D73 _wDEWEY _c1 _i09264 _lCCODEBUL1 _mBUL _p00.00 _r0 _sY _tBOOK _u2015-04-23 _xBIBLIOTECA _zUNKNOWN _0COMPRA _o.STAFF. Colección General |
||
| 994 |
_aC0 _bPEPRU |
||
| 596 | _a1 | ||
| 999 |
_a759.05 D73 _wDEWEY _c51344 _i09264 _d51344 _f2021-11-5 _g5 _lCCODEBUL1 _mBUL _q4 _r0 _sY _tBOOK _u2015-4-23 _xBIBLIOTECA _zUNKNOWN _0COMPRA _o.STAFF. Colección General |
||
| 980 |
_81 _gALBERTO SANCHEZ Responsable de Automatización |
||